Dictionnaire biographique des artistes francais du XIIe au XVIIe siécle, suivi d’une table chronologique et alphabétique comprenant en vingt classes les arts mentionneìs dans l’ouvrage (Record no. 5675)

MARC details
000 -CABECERA
campo de control de longitud fija 00817nam a2200229 a 4500
001 - NÚMERO DE CONTROL
campo de control BRCA_5986
005 - FECHA Y HORA DE LA ÚLTIMA TRANSACCIÓN
campo de control 20190320205305.0
008 - DATOS DE LONGITUD FIJA--INFORMACIÓN GENERAL
campo de control de longitud fija 290311s1872----fr-#######---#000-0#fre-#
041 ## - CÓDIGO DE LENGUA
Código de lengua del texto/banda sonora o título independiente fre
044 ## - CÓDIGO DEL PAÍS DE LA ENTIDAD EDITORA/PRODUCTORA
Código MARC del país fr
050 #4 - SIGNATURA TOPOGRÁFICA DE LA BIBLIOTECA DEL CONGRESO
Número de clasificación N6852
Número de documento/Ítem .B47 1872
100 1# - ENTRADA PRINCIPAL--NOMBRE DE PERSONA
Nombre de persona Berard, A.
Fechas asociadas al nombre 1806-1873
9 (RLIN) 15121
245 10 - MENCIÓN DE TÍTULO
Título Dictionnaire biographique des artistes francais du XIIe au XVIIe siécle, suivi d’une table chronologique et alphabétique comprenant en vingt classes les arts mentionneìs dans l’ouvrage
Mención de responsabilidad, etc. A. Berard.
260 ## - PUBLICACIÓN, DISTRIBUCIÓN, ETC.
Lugar de publicación, distribución, etc. París
Nombre del editor, distribuidor, etc. J. B. Dumoulin
Fecha de publicación, distribución, etc. 1872
300 ## - DESCRIPCIÓN FÍSICA
Extensión xv, 863 p.
Dimensiones 22 cm.
500 ## - NOTA GENERAL
Nota general Diccionario inventariado por Banco de México como libro
500 ## - NOTA GENERAL
Nota general G99
650 14 - PUNTO DE ACCESO ADICIONAL DE MATERIA--TÉRMINO DE MATERIA
Término de materia o nombre geográfico como elemento de entrada Artistas franceses
Subdivisión de forma Diccionarios
9 (RLIN) 15122
650 14 - PUNTO DE ACCESO ADICIONAL DE MATERIA--TÉRMINO DE MATERIA
Término de materia o nombre geográfico como elemento de entrada Enciclopedias y diccionarios
9 (RLIN) 9441
902 ## - CATALOGADOR
Iniciales GFM
942 ## - ELEMENTOS DE PUNTO DE ACCESO ADICIONAL (KOHA)
Fuente del sistema de clasificación o colocación Library of Congress Classification
Tipo de ítem Koha Libros
Holdings
Estado de retiro Estado de pérdida Estado dañado No para préstamo Localización permanente Ubicación/localización actual Fecha de adquisición Número de inventario Total de préstamos Signatura topográfica completa Código de barras Fecha visto por última vez Precio válido a partir de Tipo de ítem Koha
El ejemplar forma parte de la colección y puede ser consultado según las políticas vigentes.       Biblioteca del Museo Franz Mayer (Rogerio Casas-Alatriste) Biblioteca del Museo Franz Mayer (Rogerio Casas-Alatriste) 29/03/2011 G99   N6852 .B47 1872 (G99) 6425 22/03/2019 22/03/2019 Libros